| 000 | 01004nam a2200253 i 4500 | ||
|---|---|---|---|
| 001 | bg | ||
| 245 | 0 | 0 |
_aAwarie budowlane : _bXVIII konferencja naukowo-techniczna, Szczecin Międzyzdroje 19-22 maja 1997 : referaty. _nT. 1 / _c[oprac. red. materiałów konferencyjnych Maria Kaszyńska] ; Politechnika Szczecińska. Wydział Budownictwa i Architektury. |
| 260 |
_aSzczecin : _bWydawnictwo Uczelniane PS, _c1997. |
||
| 300 |
_a425 s. : _bfot., pl., rys., wykr. ; _c24 cm. |
||
| 500 | _aTekst częśc. ang. | ||
| 504 | _aBibliogr. przy ref. - Indeks. | ||
| 650 | 9 | _aGeologia inżynierska | |
| 650 | 9 | _aKatastrofy budowlane | |
| 650 | 9 |
_aKonstrukcje budowlane _xbezpieczeństwo |
|
| 655 | _aMateriały konferencyjne | ||
| 700 | 1 |
_aKASZYŃSKA, Maria. _eRed. |
|
| 020 | _a8386359846 (całość) | ||
| 040 | _cBPK | ||
| 041 | 0 |
_apol _aeng |
|
| 080 | _a624.01/.07+69.059:614.8:624.131.2/.6](061.3) | ||
| 920 | _a83-86359-84-6 (całość) | ||
| 942 | _cKS | ||
| 008 | s pl f |000 0 pol | ||
| 999 |
_c31659 _d31659 |
||
| 856 |
_uhttp://koha.tu.koszalin.pl/cgi-bin/koha/opac-detail.pl?biblionumber=31659 _yKatalog online BPK |
||